[Event "Detroit op"]
[Site "Detroit"]
[Date "2000.12.16"]
[Round "6"]
[White "Collins, Devontia"]
[Black "Haugabook, Rashad"]
[Result "1-0"]
[WhiteElo "764"]
[BlackElo "708"]
[PlyCount "25"]
[EventDate "2000.12.16"]
[EventType "swiss"]
[EventRounds "6"]
[EventCountry "USA"]
[SourceTitle "EXT 2007"]
[Source "ChessBase"]
[SourceDate "2006.11.23"]
[SourceVersion "1"]
[SourceVersionDate "2006.11.23"]
[SourceQuality "1"]

1. e4 e5 2. Nf3 Nf6 3. Nc3 Bc5 4. Be2 Nc6 5. Bc4 0-0 6. 0-0 Re8 7. d3 Qe7 8. Nd5 Qd6 9. Nxf6+ gxf6 10. Bh6 b6 11. Nd4 Nxd4 12. Qg4+ Kh8 13. Qg7# 1-0

[Event "Detroit op"]
[Site "Detroit"]
[Date "2000.12.16"]
[Round "1"]
[White "Raugh, Walter"]
[Black "Collins, Devontia"]
[Result "1-0"]
[WhiteElo "1425"]
[BlackElo "764"]
[PlyCount "72"]
[EventDate "2000.12.16"]
[EventType "swiss"]
[EventRounds "6"]
[EventCountry "USA"]
[SourceTitle "EXT 2007"]
[Source "ChessBase"]
[SourceDate "2006.11.23"]
[SourceVersion "1"]
[SourceVersionDate "2006.11.23"]
[SourceQuality "1"]

1. e4 e5 2. Nf3 d6 3. d4 Bg4 4. dxe5 Bxf3 5. gxf3 Nc6 6. Bb5 Be7 7. exd6 Bxd6 8. Bxc6+ bxc6 9. Be3 Nf6 10. Nd2 0-0 11. Nc4 Qe7 12. Qd3 Rad8 13. Nxd6 Rxd6 14. Bc5 Rxd3 15. Bxe7 Re8 16. cxd3 Rxe7 17. Rc1 Re6 18. Rg1 Nh5 19. Kd2 g6 20. Rc5 Ng7 21. Rgc1 Rf6 22. Rxc6 Ne6 23. d4 Rxf3 24. Ke1 Nxd4 25. Rxc7 Rh3 26. Rd1 Ne6 27. Rxa7 Rxh2 28. Rdd7 f5 29. Ra8+ Nf8 30. Rdd8 fxe4 31. Rxf8+ Kg7 32. b4 Rh1+ 33. Ke2 Rb1 34. Rfb8 Kh6 35. b5 Rb2+ 36. Ke3 Rc2 1-0

[Event "Motor City op"]
[Site "Warren"]
[Date "2000.11.25"]
[Round "3"]
[White "Wiener, Jack"]
[Black "Collins, Devontia"]
[Result "1-0"]
[WhiteElo "1292"]
[BlackElo "764"]
[PlyCount "109"]
[EventDate "2000.11.24"]
[EventType "swiss"]
[EventRounds "7"]
[EventCountry "USA"]
[SourceTitle "EXT 2009"]
[Source "ChessBase"]
[SourceDate "2008.11.26"]
[SourceVersion "1"]
[SourceVersionDate "2008.11.26"]
[SourceQuality "1"]

1. d4 e6 2. Nf3 d5 3. Nbd2 Nf6 4. Nb3 Be7 5. Bg5 0-0 6. e3 Ne4 7. Bxe7 Qxe7 8. Bd3 Nc6 9. c3 e5 10. 0-0 Bg4 11. Be2 Nf6 12. dxe5 Nxe5 13. Nbd4 c5 14. Nxe5 Bxe2 15. Nxe2 Qxe5 16. Qc2 Qe4 17. Qxe4 dxe4 18. Rad1 b6 19. Rb1 Rad8 20. Rfd1 Rxd1+ 21. Rxd1 Ra8 22. Ng3 Ne8 23. Rd7 Kf8 24. Nxe4 Nf6 25. Nxf6 gxf6 26. f4 Ke8 27. Rd5 Rd8 28. Rh5 Rd1+ 29. Kf2 Rd2+ 30. Kg3 Rxb2 31. Rxh7 Rxa2 32. h4 a5 33. Rh8+ Ke7 34. h5 a4 35. h6 Rc2 36. h7 a3 37. Rb8 a2 38. Ra8 Rxc3 39. Rxa2 c4 40. h8Q Rb3 41. Ra7+ Kd6 42. Qxf6+ Kc5 43. Qd4+ Kb5 44. Qd7+ Kc5 45. Rc7+ Kb4 46. Qd5 c3 47. Qc4+ Ka3 48. Qf1 Ka2 49. Qc1 Ra3 50. Qc2+ Ka1 51. Rxc3 Rxc3 52. Qxc3+ Ka2 53. Kf2 b5 54. Qb4 Ka1 55. Ke2 1-0